000 00549nam a2200193Ia 4500
003 OSt
005 20260105135204.0
008 008 250505s9999 xx 000 0 eng d
037 _aTextbook
040 _aFEDL
_beng
_cFEDL
041 _aeng
_2eng
082 _a001.42, ACK
100 _aAckoff Russell L
_9861843
245 0 _aDesign of social research
260 _aChicago, USA
_bThe University of Chicago Press
_c1953
300 _axi,420p.
942 _cTB
_h001.42, ACK
_2ddc
_n0
999 _c1374180
_d1374180